Jesus and scripture / (Record no. 120994)
[ view plain ]
| 000 -LEADER | |
|---|---|
| fixed length control field | 01389cam a22003137a 4500 |
| 001 - CONTROL NUMBER | |
| control field | 16689539 |
| 003 - CONTROL NUMBER IDENTIFIER | |
| control field | ARRUPE |
| 005 - DATE AND TIME OF LATEST TRANSACTION | |
| control field | 20140926134126.0 |
| 008 - FIXED-LENGTH DATA ELEMENTS--GENERAL INFORMATION | |
| fixed length control field | 110207s2010 enk b 001 0 eng d |
| 010 ## - LIBRARY OF CONGRESS CONTROL NUMBER | |
| LC control number | 2010551488 |
| 020 ## - INTERNATIONAL STANDARD BOOK NUMBER | |
| International Standard Book Number | 9780281062171 |
| 020 ## - INTERNATIONAL STANDARD BOOK NUMBER | |
| International Standard Book Number | 028106217X |
| 035 ## - SYSTEM CONTROL NUMBER | |
| System control number | (OCoLC)ocn664677615 |
| 040 ## - CATALOGING SOURCE | |
| Original cataloging agency | BTCTA |
| Language of cataloging | eng |
| Transcribing agency | BTCTA |
| Modifying agency | YDXCP |
| -- | CUD |
| -- | EMT |
| -- | CDX |
| -- | DLC |
| 042 ## - AUTHENTICATION CODE | |
| Authentication code | lccopycat |
| 050 00 - LIBRARY OF CONGRESS CALL NUMBER | |
| Classification number | BT590.O4 |
| Item number | M69 2010 |
| 300 ## - PHYSICAL DESCRIPTION | |
| Dimensions | 22 cm. |
| 100 1# - MAIN ENTRY--PERSONAL NAME | |
| Personal name | Moyise, Steve. |
| 9 (RLIN) | 11783 |
| 245 10 - TITLE STATEMENT | |
| Title | Jesus and scripture / |
| Statement of responsibility, etc | Steve Moyise. |
| 260 ## - PUBLICATION, DISTRIBUTION, ETC. (IMPRINT) | |
| Place of publication, distribution, etc | London : |
| Name of publisher, distributor, etc | SPCK, |
| Date of publication, distribution, etc | 2010. |
| 300 ## - PHYSICAL DESCRIPTION | |
| Extent | viii, 147 p. ; |
| 504 ## - BIBLIOGRAPHY, ETC. NOTE | |
| Bibliography, etc | Includes bibliographical references (p. 138-140) and indexes. |
| 505 0# - FORMATTED CONTENTS NOTE | |
| Formatted contents note | Introduction -- Jesus and scripture according to Mark's Gospel -- Jesus and scripture according to Matthew's Gospel -- Jesus and scripture according to Luke's Gospel -- Jesus and scripture according to John's Gospel -- Jesus and scripture : minimalist views -- Jesus and scripture : moderate views -- Jesus and scripture : maximalist views. |
| 600 00 - SUBJECT ADDED ENTRY--PERSONAL NAME | |
| Personal name | Jesus Christ |
| General subdivision | Views on the Old Testament. |
| 9 (RLIN) | 11784 |
| 600 00 - SUBJECT ADDED ENTRY--PERSONAL NAME | |
| Personal name | Jesus Christ |
| General subdivision | Biblical teaching. |
| 9 (RLIN) | 11785 |
| 630 00 - SUBJECT ADDED ENTRY--UNIFORM TITLE | |
| Uniform title | Bible. |
| Name of part/section of a work | Gospels |
| General subdivision | Criticism, interpretation, etc. |
| 9 (RLIN) | 11786 |
| 906 ## - LOCAL DATA ELEMENT F, LDF (RLIN) | |
| a | 7 |
| b | cbc |
| c | copycat |
| d | 2 |
| e | ncip |
| f | 20 |
| g | y-gencatlg |
| 942 ## - ADDED ENTRY ELEMENTS (KOHA) | |
| Source of classification or shelving scheme | Library of Congress Classification |
| Koha item type | Monograph ( Printed materials) |
| Withdrawn status | Lost status | Source of classification or shelving scheme | Damaged status | Not for loan | Collection code | Home library | Current library | Shelving location | Date acquired | Total Checkouts | Full call number | Barcode | Date last seen | Date checked out | Price effective from | Koha item type |
|---|---|---|---|---|---|---|---|---|---|---|---|---|---|---|---|---|
| Library of Congress Classification | Main Collection | ARRUPE LIBRARY | ARRUPE LIBRARY | Main Collection | 26/09/2014 | 1 | BT590.O4 M69 2010 | 46500001395 | 14/05/2018 | 11/05/2018 | 26/09/2014 | Monograph ( Printed materials) |